Pathways Characters - Statistics

General Stats
  • This quiz has been taken 6 times
  • The average score is 16 of 35
Answer Stats
Answer % Correct
Blåhaj-Chan
100%
Mr. Money
100%
Seven
100%
Garrett
75%
Mario
75%
Niko
75%
Snake
75%
Steve
75%
The Comically Large Jam Doughnut That Asks You Questions
75%
Anya Forger
50%
Arataki Itto
50%
Clay
50%
Edward Elric
50%
Jack Reacher
50%
Nick Eh 30
50%
Ralsei
50%
Satoru Gojo
50%
Terrorist
50%
Xeno
50%
Astolfo
25%
Bettie
25%
Dante
25%
Developer
25%
Dimebag Darrell
25%
Kane
25%
Landoo
25%
Lúcio
25%
Luigi
25%
Omori
25%
The Conductor
25%
The Rev
25%
Twinkie The Kid
25%
Tyl Regor
25%
Yusuke Kitagawa
25%
Lil Santa
0%
No matching quizzes found
Score Distribution
Percent of People with Each Score
Percentile by Number Answered
Your Score History
You have not taken this quiz